|
|
|
|
| LEADER |
00000nam a2200000Ii 4500 |
| 001 |
DIGVERBUM0713 |
| 003 |
NyNyDIG |
| 008 |
210115s2019 sp o 000 f spa d |
| 006 |
m o d |
| 007 |
cr ||||||||||| |
| 035 |
|
|
|a (OCoLC)1282640754
|
| 040 |
|
|
|a DGITA
|b eng
|e rda
|e pn
|c DGITA
|
| 020 |
|
|
|z 9788490749081
|
| 020 |
|
|
|z 8490749086
|
| 050 |
1 |
4 |
|a PQ6706.A545 ebook
|
| 100 |
1 |
|
|a Falkas, Alexis,
|d 1986-
|e author.
|
| 245 |
1 |
3 |
|a El vals de los agujeros negros /
|c Alexis Falkas.
|
| 264 |
|
1 |
|a Madrid :
|b Editorial Verbum,
|c 2019.
|
| 300 |
|
|
|a 1 online resource.
|
| 336 |
|
|
|a text
|b txt
|2 rdacontent
|
| 337 |
|
|
|a computer
|b c
|2 rdamedia
|
| 338 |
|
|
|a online resource
|b cr
|2 rdacarrier
|
| 347 |
|
|
|a text file
|2 rdaft
|
| 347 |
|
|
|b PDF
|
| 490 |
1 |
|
|a Verbum Narrativa
|
| 588 |
0 |
|
|a Online resource; title from PDF title page (Digitalia, viewed February 15, 2021)
|
| 655 |
|
0 |
|a Electronic books.
|
| 791 |
2 |
|
|a Digitalia (Firm),
|e distributor.
|
| 793 |
0 |
|
|g Digitalia eBook Collection:
|a Verbum
|
| 776 |
0 |
8 |
|i Print version:
|a Falkas, Alexis,1986-
|t Vals de los agujeros negros.
|d Madrid : Editorial Verbum, 2019
|z 9788490749081
|w (OCoLC)1134393108
|
| 830 |
|
0 |
|a Narrativa (Editorial Verbum)
|
| 856 |
4 |
0 |
|u https://digitalia.uam.elogim.com/a/63267/
|z Texto completo
|
| 910 |
|
|
|a Premium collection: 2021
|